ben 10 ultimate alien quiz - Statistics

General Stats
  • This quiz has been taken 118 times
  • The average score is 8 of 11
Answer Stats
Hint Answer % Correct
water powers water hazard
89%
xlr8 knock of fasttrack
84%
a giant turtle terraspin
83%
a giant robot that can stop time clockwork
82%
has to be in a giant metal suit NRG
81%
look like a giant jellyfish amphibian
77%
has giant drills on his hands armodrillo
75%
chameleon chamalien
62%
a betle that can eat and spit out food eatle
56%
has electric powers and had redsign in omniverse shocksquatch
42%
aa joke who can build jury rigg
38%
No matching quizzes found
Score Distribution
Percent of People with Each Score
Percentile by Number Answered
Your Score History
You have not taken this quiz